|
|
|
|
| LEADER |
00000nab a2200000 a 4500 |
| 001 |
vtls009475440 |
| 003 |
SK-MaSNL |
| 005 |
20260303053808.0 |
| 008 |
171108 20090219xo dr er 000 0 slo |
| 038 |
|
|
|a KEVKJB
|
| 040 |
|
|
|a KEVKJB
|b slo
|c KEVKJB
|e AACR2
|
| 041 |
0 |
|
|a slo
|
| 044 |
|
|
|a xo
|c SK
|
| 080 |
|
|
|a 908(437.672)
|2 2001
|
| 080 |
|
|
|a 324(437.672)
|2 2001
|
| 245 |
0 |
0 |
|a Podľa uhorského volebného práva mohli voliť všetci, čiže iba muži
|c [autor] (som)
|
| 650 |
0 |
7 |
|a volebné právo
|z Uhorsko
|2 kevkjb
|9 1041270
|
| 651 |
|
7 |
|a voľby
|y 20. stor., začiatok
|z Košice (Slovensko)
|2 kevkjb
|9 1046855
|
| 651 |
|
7 |
|a Košice (Slovensko)
|2 kevkjb
|9 18694
|
| 773 |
0 |
|
|t Košický Korzár
|g Roč. XII, č. 41 (19.2.2009), s. 13
|x 1335-4566
|
| 852 |
|
|
|a KEVKJB
|b KIS3GCP
|
| 999 |
|
|
|c 1720694
|d 1722624
|